000 00475nam a2200169Ia 4500
003 GCL
008 140319s9999 xx 000 0 ara d
040 _aGCL /
_cGCL
082 0 4 _a223
_bا ق
100 1 _aالسيد عبدالغفار
245 1 0 _aالقران الكريم: تاريخيته, ولغته /
_cالسيد عبدالغفار
300 _a246 ص
490 _aكتاب
_v0
650 0 4 _aاسباب النزول
650 0 4 _aالقران
942 _2ddc
_cBK
999 _c41972
_d41972